000 00350nam a2200133Ia 4500
008 240624s9999 xx 000 0 und d
041 _aeng
082 _a153.15 COL
100 _aCOLLINS STELLA
245 _aNEUROSCIENCE FOR LEARNING AND DEVELOPMEN
260 _c2016
_aLondon
_bKogan Page
300 _aix, : 232 : p. : cm. ; 23
365 _cGBP
_b30
999 _c27435
_d27435